Annuario scientifico ed industriale. (Registro nro. 173582)

Detalles MARC
000 -LEADER
campo de control de longitud fija 00450nas a2200169 i 4500
001 - NÚMERO DE CONTROL
campo de control 173582
003 - IDENTIFICADOR DE NÚMERO DE CONTROL
campo de control ES-MaACL
005 - FECHA Y HORA DE LA ÚLTIMA TRANSACCIÓN
campo de control 20250217134854.0
008 - DATOS DE LONGITUD FIJA--INFORMACIÓN GENERAL
campo de control de longitud fija 091210c1865 it a| | ||ta d
245 00 - MENCIÓN DEL TÍTULO
Título Annuario scientifico ed industriale.
260 ## - PUBLICACIÓN, DISTRIBUCIÓN, ETC.
Lugar de publicación, distribución, etc. Milano :
Nombre del editor, distribuidor, etc. Treves,
Fecha de publicación, distribución, etc. 1865-
300 ## - DESCRIPCIÓN FÍSICA
Extensión 1 v. :
Otras características físicas il. ;
Dimensiones 19 cm.
362 0# - FECHAS DE PUBLICACIÓN Y/O DESIGNACIÓN SECUENCIAL
Fecha de publicación y/o designación secuencial Anno 1 : 1865 -
852 ## - LOCALIZACIÓN
Ubicación ES-MaACL
Número de control de estantería G-15606
866 #0 - MENCIÓN TEXTUAL DE FONDOS--UNIDAD BIBLIOGRÁFICA BÁSICA
Fondos (1880 parte seconda).
Existencias
Estatus retirado Estado de pérdida Estado de daño No para préstamo Colección Biblioteca de origen Biblioteca actual Ubicación en estantería Fecha de adquisición Fuente de adquisición Total de préstamos Signatura topográfica completa Código de barras Visto por última vez Precio de reemplazo Tipo de ítem Koha
        Periódicos y Revistas Biblioteca del Ateneo de Madrid Biblioteca del Ateneo de Madrid Sala Pecera Planta 3 10/12/2009     G-15606 1182162 23/02/2023 23/02/2023 Revista